000 00604ngm a2200289 a 4500
003 OSt
005 20251020182659.0
008 240217s9999 xx 000 0 und d
040 _aPE SENCICO BE
040 _cPE SENCICO BE
041 _aspa
082 _aI003
245 0 _aPor los Caminos del Agua /
245 0 _cSEDAPAL
260 _aLima
260 _bSEDAPAL
260 _c1992
300 _a1 VIDEO
300 _bson., Col.
300 _c15'
490 _aMEDIO AMBIENTE
500 _aDocumental
650 _aAGUA
651 _aPERÚ
910 _aila.
942 _cVID
_2ddc
999 _c4776
_d4776